|
|
|
|
| LEADER |
00000nab a2200000ua 4500 |
| 001 |
vtls010805018 |
| 003 |
SK-MaSNL |
| 005 |
20260303225217.0 |
| 008 |
230121s2011 xo |||||||||||||||||slo| |
| 035 |
|
|
|a (urnnbn)urn:nbn:sk:snk:ar-a010m4
|
| 035 |
|
|
|a (uuid)45b7c0f6-a252-49d5-babb-d07df775b69c
|
| 035 |
|
|
|a urn:nbn:sk:snk-ab4cat
|
| 040 |
|
|
|a SNKBUCL
|b slo
|c SNKBUCL
|e AACR2
|
| 041 |
0 |
|
|a slo
|
| 044 |
|
|
|a xo
|c SK
|
| 100 |
1 |
|
|a Záhradníková, A.
|4 aut
|9 789135
|
| 245 |
1 |
0 |
|a Pamajorán
|b Prvá pomoc pri nešťastnej láske
|c A. Záhradníková
|
| 773 |
0 |
|
|t Liečivé rastliny
|g Roč. 48, č. 1 (2011), s. 40-41
|
| 954 |
|
|
|a odborná, vedecká literatúra pôvodná (slovenská)
|2 lita
|
| 958 |
|
|
|a OND
|
| 958 |
|
|
|a EUIPO
|
| 958 |
|
|
|a article3
|
| 999 |
|
|
|c 2256136
|d 2258066
|